|
|
|
|
| LEADER |
02255nam a22004575i 4500 |
| 001 |
978-0-306-47514-6 |
| 003 |
DE-He213 |
| 005 |
20151204171415.0 |
| 007 |
cr nn 008mamaa |
| 008 |
100301s2002 xxu| s |||| 0|eng d |
| 020 |
|
|
|a 9780306475146
|9 978-0-306-47514-6
|
| 024 |
7 |
|
|a 10.1007/b117243
|2 doi
|
| 040 |
|
|
|d GrThAP
|
| 050 |
|
4 |
|a TK7888.4
|
| 072 |
|
7 |
|a TJFC
|2 bicssc
|
| 072 |
|
7 |
|a TEC008010
|2 bisacsh
|
| 082 |
0 |
4 |
|a 621.3815
|2 23
|
| 100 |
1 |
|
|a Nyström, Mika.
|e author.
|
| 245 |
1 |
0 |
|a Asynchronous Pulse Logic
|h [electronic resource] /
|c by Mika Nyström, Alain J. Martin.
|
| 264 |
|
1 |
|a Boston, MA :
|b Springer US,
|c 2002.
|
| 300 |
|
|
|a XXVI, 206 p.
|b online resource.
|
| 336 |
|
|
|a text
|b txt
|2 rdacontent
|
| 337 |
|
|
|a computer
|b c
|2 rdamedia
|
| 338 |
|
|
|a online resource
|b cr
|2 rdacarrier
|
| 347 |
|
|
|a text file
|b PDF
|2 rda
|
| 505 |
0 |
|
|a Preliminaries -- Asynchronous-Pulse-Logic Basics -- Computing with Pulses -- A Single-Track Asynchronous-Pulse-Logic Family: I. Basic Circuits -- A Single-Track Asynchronous-Pulse-Logic Family: II. Advanced Circuits -- Automatic Generation of Asynchronous-Pulse-Logic Circuits -- A Design Example: The Spam Microprocessor -- Related Work -- Lessons Learned.
|
| 520 |
|
|
|a Asynchronous Pulse Logic is a comprehensive analysis of a newly developed asynchronous circuit family. The book covers circuit theory, practical circuits, design tools and an example of the design of a simple asynchronous microprocessor using the circuit family. Asynchronous Pulse Logic will be of interest to industrial and academic researcher working on high-speed VLSI systems. Graduate students will find this useful reference for computer-aided design of asynchronous or related VLSI systems.
|
| 650 |
|
0 |
|a Engineering.
|
| 650 |
|
0 |
|a Electrical engineering.
|
| 650 |
|
0 |
|a Electronic circuits.
|
| 650 |
1 |
4 |
|a Engineering.
|
| 650 |
2 |
4 |
|a Circuits and Systems.
|
| 650 |
2 |
4 |
|a Electrical Engineering.
|
| 700 |
1 |
|
|a Martin, Alain J.
|e author.
|
| 710 |
2 |
|
|a SpringerLink (Online service)
|
| 773 |
0 |
|
|t Springer eBooks
|
| 776 |
0 |
8 |
|i Printed edition:
|z 9781402070686
|
| 856 |
4 |
0 |
|u http://dx.doi.org/10.1007/b117243
|z Full Text via HEAL-Link
|
| 912 |
|
|
|a ZDB-2-ENG
|
| 912 |
|
|
|a ZDB-2-BAE
|
| 950 |
|
|
|a Engineering (Springer-11647)
|